A concise history of Mathematics

Saved in:
Bibliographic Details
Main Author: Struik, Dirk Jan (Author)
Format: Book
Language:English
Published: Nueva York Dover Publications 1948
Edition:2a. ed
Subjects:
Tags: Add Tag
No Tags, Be the first to tag this record!

MARC

LEADER 00000cam a2200000 a 4500
001 UCF2454
003 CL-VaPUC
008 120824e19480000US |||||||||||||||||eng|d
082 0 4 |a 510.9  |b STR  |2 21 
100 0 |a Struik, Dirk Jan  |e author  |9 564097 
245 1 2 |a A concise history of Mathematics 
250 |a 2a. ed 
300 |a 299 p 
942 |c BK 
945 |d 20120824 00:00:00  |a dcastane 
260 |a Nueva York  |b Dover Publications  |c 1948 
650 0 |a Matemática  |9 260235 
650 0 |a Historia de las matemáticas   |9 265664 
650 7 |a MATEMATICOS  |2 CL-VaPUC  |9 266065 
583 |a last modification  |c 20120824 12:41:00  |k Rodrigo Vera 
999 |c 349015  |d 349013 
952 |0 0  |1 0  |4 0  |6 510_900000000000000_STR_1948  |7 0  |8 A  |9 451391  |a BIBMAT  |b BIBMAT  |d 2019-11-22  |i 4888596  |o 510.9 STR 1948  |p 4888596  |r 2025-01-07  |w 2019-11-22  |y BK  |k MAT